000 00658nam a2200229 i 4500
001 140736
003 ES-MaACL
005 20230906200137.0
007 t|
008 070917s1962 xxk ||||1| eng d
080 _a821.111
100 1 _aShaw, Bernard.
_9106025
245 1 0 _aAndrocles and the lion /
_can old fable renovated by Bernard Shaw.
260 _aMiddlesex :
_bPenguin Books,
_c[1962]
300 _a152 p. ;
_c18 cm.
490 1 _aQ 29
500 _aBiblioteca Jacinto Martínez Lacalle.
500 _aTexto paralelo en el alfabeto Shaw.
830 0 _aQ 29
_9220356
852 _aES-MaACL
_jE-12144
_bR.140046
999 _c140736
_d140736